Mémo visuel de biologie végétale (notice n° 1929530)

détails MARC
000 -LEADER
fixed length control field 01127cam a2200193 4500500
005 - DATE AND TIME OF LATEST TRANSACTION
control field 20260329023802.0
041 ## - LANGUAGE CODE
Language code of text/sound track or separate title fre
042 ## - AUTHENTICATION CODE
Authentication code dc
100 10 - MAIN ENTRY--PERSONAL NAME
Personal name Richard, Daniel
Relator term author
245 00 - TITLE STATEMENT
Title Mémo visuel de biologie végétale
260 ## - PUBLICATION, DISTRIBUTION, ETC.
Name of publisher, distributor, etc. Dunod,<br/>
Date of publication, distribution, etc. 2022.<br/>
520 ## - SUMMARY, ETC.
Summary, etc. Cet aide-mémoire en couleur présente sous une forme visuelle l'essentiel des notions essentielles de la biologie végétale (biologie cellulaire, croissance, développement, nutrition, métabolisme, écologie et classification phylogénétique) à connaître en vue des examens et concours. Plus de 500 schémas et photos regroupés par thème et sous la forme de fiches sont commentés pour réviser d'un seul coup d'œil ! L’image a volontairement été privilégiée, le texte d’accompagnement résumant les idées essentielles.
700 10 - ADDED ENTRY--PERSONAL NAME
Personal name Barbe, Lou
Relator term author
700 10 - ADDED ENTRY--PERSONAL NAME
Personal name Morel, Loïs
Relator term author
700 10 - ADDED ENTRY--PERSONAL NAME
Personal name Nattier, Romain
Relator term author
700 10 - ADDED ENTRY--PERSONAL NAME
Personal name Prat, Roger
Relator term author
700 10 - ADDED ENTRY--PERSONAL NAME
Personal name Vergnaud, Anne
Relator term author
856 41 - ELECTRONIC LOCATION AND ACCESS
Uniform Resource Identifier <a href="https://stm.cairn.info/memo-visuel-de-biologie-vegetale--9782100843398?lang=fr&redirect-ssocas=7080">https://stm.cairn.info/memo-visuel-de-biologie-vegetale--9782100843398?lang=fr&redirect-ssocas=7080</a>

Pas d'exemplaire disponible.

PLUDOC

PLUDOC est la plateforme unique et centralisée de gestion des bibliothèques physiques et numériques de Guinée administré par le CEDUST. Elle est la plus grande base de données de ressources documentaires pour les Étudiants, Enseignants chercheurs et Chercheurs de Guinée.

Adresse

627 919 101/664 919 101

25 boulevard du commerce
Kaloum, Conakry, Guinée

Réseaux sociaux

Powered by Netsen Group @ 2025